01224nam a2200253 a 450000100060000000300080000600500170001400800410003103500190007204000360009104100090012708200280013610000790016424501460024326000900038930000430047950500460052265000500056865000270061894200120064599900170065795201480067495201480082260188BD-RjUL20211209080819.0161228s19541951ii ||||| |||| 00| 0 ben d a(BD-RjUL)60312 aBD-RjULbben cBD-RjULdBD-RjUL aben  223 a294.555 bSEP 1954 aসেনগুপ্ত, অচিন্ত্যকুমার 911654010aপরমপুরুষ শ্রীশ্রীরামকৃষ্ণ / cঅচিন্ত্কুমার সেনগুপ্ত  aকলকাতা :bসিগনেট প্রেস, c১৯৫১-১৯৫৪ a খণ্ড. ;c২১ সেমি.0 aখণ্ড ১ -- খণ্ড ২ --  aশ্রীরামকৃষ্ণ 9127682 aSriramakrisna 9127683 2ddccBK c60188d60188 00102ddc40718NFICaRUCLbRUCLcReadingd1957-04-02eKamala bookg5.00l0oB 294.555 SEP V-1 1954r2016-12-28 00:00:00tC-1w2016-12-28yBK 00102ddc40718NFICaRUCLbRUCLcReadingd1957-04-02eKamala bookg5.00l0oB 294.555 SEP V-2 1953r2016-12-29 00:00:00tC-1w2016-12-29yBK